| 000 | 01277cab a2200253 4500 | ||
|---|---|---|---|
| 001 | ABS47454 | ||
| 008 | 090401t1992 xxu||||| |||| 00| 0 eng d | ||
| 035 | _a(Sirsi) u62033 | ||
| 041 | _aeng | ||
| 245 | _aEnvironmental protection | ||
| 260 | _c1992 | ||
| 350 | _a0 | ||
| 490 |
_aMunicipal Journal _v(46) 13 November 1992, 18-25(7) |
||
| 520 | _aA series of articles. Reports on environmental concerns raised by the DoE decision to allow construction of an industrial waste incinerator at Teesside; looks at a range of initiatives to reduce the number of private cars in cities and town centres, reviews the new local authorities` handbook "Guide to environmental practice in local government" (Association of County Councils, Association of District Councils, Association of Metropolitan Authorities and the Local Government Management Board); concludes with a discussion on Bromley LBC`s experience of integrating its trading standards office with its environmental health office. | ||
| 650 | _aENVIRONMENTAL PROTECTION | ||
| 650 | _aLOCAL GOVERNMENT | ||
| 650 | _aPARK AND RIDE | ||
| 650 | _aPEDESTRIANISATION | ||
| 650 | _aPRIVATE CARS | ||
| 650 | _aWASTE INCINERATOR | ||
| 690 | _aENVIRONMENTAL AND LAND CONSULTANCY | ||
| 942 | _n0 | ||
| 948 | _c04/03/1997 | ||
| 999 |
_c38509 _d38509 |
||